000 01192naa a22003257a 4500
001 BR7804428
003 BR-BrBNA
005 20240918174123.0
007 ta
008 230509b bl.||||| |||| 00| 0 por d
040 _aBR-BrBNA
_bpor
_cBiblioteca Nacional de Agricultura
041 _a(Pt)
072 _aF50; F70
_b1490
_bG514
090 _aF50 BR7804428
100 1 _aFernandes, A.
100 1 _aBezerra, P.
111 1 _a23. Congresso Nacional de Botanica
_cBelo Horizonte, MG (Brazil)
_d23 Jan 1977
245 1 _aLeguminosas ainda nao assinaladas para o Ceara [Brasil]
260 3 _aBelo Horizonte, MG (Brasil):
_c1978.
500 _aAnais da Sociedade Botanica do Brasil. 23. Congresso Nacional de Botanica Belo Horizonte, MG (Brasil): 1978. p. 173-174 (BR7804428-AM)F50
650 _aEstrutura vegetal
650 _aTaxonomia vegetal
650 _aLeguminosa
650 _aAnatomia vegetal
650 _aDistribuicao geografica
650 _aCeara
773 0 _tAnais da Sociedade Botanica do Brasil. 23. Congresso Nacional de Botanica
_wF50 BR7804428
_gBelo Horizonte, MG (Brasil), 1978. p. 173-174
909 _a202404
_bLucia
_c55
_dLucia Elande
942 _cAM
_2AGRIS
999 _c309039
_d309039